Southville International School and Colleges
Your cart is empty.
  • Cart
  • Lists
    Public lists Eva Luna New books Lux_list list_1
    Your lists Log in to create your own lists
  • Log in to your account
  • Your cookies
  • Search history
Southville International School and Colleges
  • Advanced search
  • Recent comments
  • Most popular
  • Libraries

Log in to your account

Log in with GOOGLE


If you do not have an external account, but do have a local account, you can still log in:

  1. Home
  2. MARC view: Disney world and beyond :
Normal view MARC view ISBD view

Disney world and beyond : (Record no. 9698)

[ view plain ]
MARC details
000 -LEADER
fixed length control field 01235cam a2200361 a 4500
001 - CONTROL NUMBER
control field 2999254
003 - CONTROL NUMBER IDENTIFIER
control field OSt
005 - DATE AND TIME OF LATEST TRANSACTION
control field 20140310182131.0
008 - FIXED-LENGTH DATA ELEMENTS--GENERAL INFORMATION
fixed length control field 940203s1994 caua 001 0 eng d
010 ## - LIBRARY OF CONGRESS CONTROL NUMBER
LC control number 93060477
020 ## - INTERNATIONAL STANDARD BOOK NUMBER
International Standard Book Number 0915233924
035 ## - SYSTEM CONTROL NUMBER
System control number (OCoLC)29043119
040 ## - CATALOGING SOURCE
Original cataloging agency NBuBE
Transcribing agency NBuBE
Modifying agency DLC
042 ## - AUTHENTICATION CODE
Authentication code lccopycat
043 ## - GEOGRAPHIC AREA CODE
Geographic area code n-us-fl
050 00 - LIBRARY OF CONGRESS CALL NUMBER
Classification number GV 1853.3.F62
Item number .R615 1994
082 00 - DEWEY DECIMAL CLASSIFICATION NUMBER
Classification number HS 791.06
Item number Ri51 1992
100 1# - MAIN ENTRY--PERSONAL NAME
Personal name Ritz, Stacy.
9 (RLIN) 14724
245 10 - TITLE STATEMENT
Title Disney world and beyond :
Remainder of title the ultimate family guidebook /
Statement of responsibility, etc Stacy Ritz ; Ray Riegert, executive editor ; Leslie Henriques, production director ; Glenn Kim, illustrator.
250 ## - EDITION STATEMENT
Edition statement 2nd ed.
260 ## - PUBLICATION, DISTRIBUTION, ETC. (IMPRINT)
Place of publication, distribution, etc Berkeley, CA :
Name of publisher, distributor, etc Ulysses Press,
Date of publication, distribution, etc c1994.
300 ## - PHYSICAL DESCRIPTION
Extent 270 p. :
Other physical details ill. ;
Dimensions 23 cm.
521 ## - TARGET AUDIENCE NOTE
Target audience note
526 ## - STUDY PROGRAM INFORMATION NOTE
Reading level
650 #0 - SUBJECT ADDED ENTRY--TOPICAL TERM
Topical term or geographic name as entry element Family recreation
Geographic subdivision Florida
-- Orlando Region
General subdivision Guidebooks.
9 (RLIN) 14725
651 #0 - SUBJECT ADDED ENTRY--GEOGRAPHIC NAME
Geographic name Walt Disney World (Fla.)
General subdivision Guidebooks.
9 (RLIN) 14726
651 #0 - SUBJECT ADDED ENTRY--GEOGRAPHIC NAME
Geographic name EPCOT Center (Fla.)
General subdivision Guidebooks.
9 (RLIN) 14727
651 #0 - SUBJECT ADDED ENTRY--GEOGRAPHIC NAME
Geographic name Orlando (Fla.)
General subdivision Guidebooks.
9 (RLIN) 14728
906 ## - LOCAL DATA ELEMENT F, LDF (RLIN)
a 7
b cbc
c copycat
d 2
e opcn
f 19
g y-gencatlg
942 ## - ADDED ENTRY ELEMENTS (KOHA)
Source of classification or shelving scheme Library of Congress Classification
Koha item type
Call number prefix
Holdings
Withdrawn status Lost status Source of classification or shelving scheme Damaged status Home library Current library Shelving location Date acquired Total Checkouts Full call number Barcode Date last seen Copy number Price effective from Koha item type
    Library of Congress Classification   Luxembourg Library Luxembourg Library High School Section 08/28/2013   GV 1853.3.F62 .R615 1994 0414 04/19/2016 1 08/28/2013 Books

Disney world and beyond :

APA

Ritz S., . (1994). Disney world and beyond. Berkeley, CA: Ulysses Press.

Chicago

Ritz Stacy, . 1994. Disney world and beyond. Berkeley, CA: Ulysses Press.

Harvard

Ritz S., . (1994). Disney world and beyond. Berkeley, CA: Ulysses Press.

MLA

Ritz Stacy, . Disney world and beyond. Berkeley, CA: Ulysses Press. 1994.

  • Place hold
  • Print
  • Cite
  • Add to your cart (remove)
  • Save record
    BIBTEX Dublin Core MARCXML MARC (non-Unicode/MARC-8) MARC (Unicode/UTF-8) MARC (Unicode/UTF-8, Standard) MODS (XML) RIS
  • More searches
    Search for this title in:
    Other Libraries (WorldCat) Other Databases (Google Scholar) Online Stores (Bookfinder.com) Open Library (openlibrary.org)

Exporting to Dublin Core...

SOUTHVILLE LIBRARY

Southville International School and Colleges Library

1281 Tropical Ave. Cor. Luxembourg St., BF Homes International, Las Pinas City

Tel. No. 8256374 / 252358 Loc. 117/146

Powered by Koha